000 00609nam a22002297a 4500
001 BR9102183
003 BR-BrBNA
005 20230928093600.0
007 ta
008 230509b bl.||||| |||| 00| 0 por d
040 _aBR-BrBNA
_bpor
_cBiblioteca Nacional de Agricultura
041 _a(Por)
072 _aE14
090 _ E14 BR9102183
100 1 _aSchultz, T.W.
245 1 _aA transformacao da agricultura tradicional
260 3 _aRio de Janeiro, RJ (Brasil):
_bZahar,
_c1965.
300 _a207 p.
650 _aDESENVOLVIMENTO AGRICOLA
909 _a202309
_bLucia
_c55
_dLucia Elande
942 _cBK
999 _c45835
_d45835